Tras las huellas de Milton Santos. Una mirada latinoamericana a la geografía humana contemporánea.

Gorde:
Xehetasun bibliografikoak
Egile nagusia: Mendoza, Cristóbal (coordinador)
Beste egile batzuk: Capel, Horacio, Hernández Cordero, Adrián, Hiernaux, Daniel, Lindón Villoria, Alicia (autora), Neve, Eduardo, Silveira, María Luisa, Sobarzo, Oscar
Formatua: Ezezaguna
Hizkuntza:ingelesa
Argitaratua: Barcelona, España. Anthropos- Universidad Autónoma Metropolitana, 2008
Edizioa:Primer edición
Saila:Obras generales
Gaiak:
Sarrera elektronikoa:Disponible Online
Etiketak: Etiketa erantsi
Etiketarik gabe, Izan zaitez lehena erregistro honi etiketa jartzen!

MARC

LEADER 00000 a2200000 4500
003 CL-VaPUC
005 20211027093140.0
008 210107b ||||| |||| 00| 0 eng d
999 |c 432275  |d 432273 
020 |a 9788476588802 
040 |c Pontificia Universidad Católica de Valparaíso 
082 |a 911.38 MEN 2008 
100 |a Mendoza, Cristóbal   |9 858188  |e coordinador 
245 |a Tras las huellas de Milton Santos.  |b Una mirada latinoamericana a la geografía humana contemporánea. 
250 |a Primer edición  
260 |a Barcelona, España.   |b Anthropos-  |b Universidad Autónoma Metropolitana,  |c 2008 
300 |a 127 páginas  
440 |a Obras generales   |9 859319 
583 |k Cristina Rojas  |c 20210107 
600 |a Santos, Milton   |x Crítica e interpretación   |9 859490 
650 |a Geografía humana   |z América latina   |9 859471 
700 |a Capel, Horacio  |9 859320 
700 |a Hernández Cordero, Adrián  |9 859321 
700 |a Hiernaux, Daniel   |9 859322 
700 |a Lindón Villoria, Alicia  |e autora  |9 587286 
700 |a Neve, Eduardo  |9 859324 
700 |a Silveira, María Luisa  |9 859325 
700 |a Sobarzo, Oscar  |9 859326 
856 |u http://bibliografiadigital.pucv.cl.pucv.idm.oclc.org/index.php/bibliotecapucv/catalog/book/494  |y Disponible Online  
942 |2 ddc  |c BK 
952 |0 0  |1 0  |2 ddc  |4 0  |6 911_380000000000000_MEN_2008  |7 0  |8 A  |9 577452  |a BIBING  |b BIBING  |d 2021-01-07  |e 3  |g 19476.00  |i 5582105  |o 911.38 MEN 2008  |p 5582105  |r 2025-01-20  |t 2  |v 19476.00  |w 2021-01-07  |y BK  |k GEO 
952 |0 0  |1 0  |2 ddc  |4 0  |6 911_380000000000000_MEN_2008  |7 0  |8 A  |9 577453  |a BIBING  |b BIBING  |d 2021-01-07  |e 3  |g 19476.00  |i 5582113  |o 911.38 MEN 2008  |p 5582113  |r 2025-01-20  |t 2  |v 19476.00  |w 2021-01-07  |y BK  |k GEO 
952 |0 0  |1 0  |2 ddc  |4 0  |6 911_380000000000000_MEN_2008  |7 0  |8 A  |9 577454  |a BIBING  |b BIBING  |d 2021-01-07  |e 3  |g 19476.00  |i 5582091  |o 911.38 MEN 2008  |p 5582091  |r 2025-01-20  |t 1  |v 19476.00  |w 2021-01-07  |y BK  |k GEO